000 00720nam a2200181 a 4500
001 2997
005 20140414131944.0
008 060103s19uu xx 00 eng d
020 _a0-590-68566-X
050 _aTR 372.4
_bF49 2000
100 _aFinney, Susan
245 _aKeep the rest of the class reading and writing . . ., Grade 3-6 :
_cby Susan Finney.
_bwhile you teach small groups /
260 _aNew York :
_bScholastic Professional Books,
_c2000.
300 _a128 p. : ill. ; cm.
520 _a60 high-interest reproducible activities-perfect for learning centers-that build comprehension, vocabulary, and writing skills.
650 _aElementary Education
_xReading
_xJuvenile literature.
999 _c112652
_d112652